|
|
|
|
| LEADER |
01866nam a22004574a 4500 |
| 001 |
EBC445469 |
| 003 |
MiAaPQ |
| 005 |
20200520144314.0 |
| 006 |
m o d | |
| 007 |
cr cn||||||||| |
| 008 |
051014s2006 nju sb 001 0 eng |
| 010 |
|
|
|z 2005030005
|
| 015 |
|
|
|a GBA619155
|2 bnb
|
| 016 |
7 |
|
|z 013391716
|2 Uk
|
| 020 |
|
|
|z 0691120420 (hardcover : alk. paper)
|
| 020 |
|
|
|z 9780691120423 (hardcover : alk. paper)
|
| 035 |
|
|
|a (MiAaPQ)EBC445469
|
| 035 |
|
|
|a (Au-PeEL)EBL445469
|
| 035 |
|
|
|a (CaPaEBR)ebr10284082
|
| 035 |
|
|
|a (CaONFJC)MIL208736
|
| 035 |
|
|
|a (OCoLC)355805186
|
| 040 |
|
|
|a MiAaPQ
|c MiAaPQ
|d MiAaPQ
|
| 043 |
|
|
|a n-us---
|
| 050 |
|
4 |
|a NX735
|b .C68 2006
|
| 082 |
0 |
4 |
|a 700.79/73
|2 22
|
| 100 |
1 |
|
|a Cowen, Tyler.
|
| 245 |
1 |
0 |
|a Good & plenty
|h [electronic resource] :
|b the creative successes of American arts funding /
|c Tyler Cowen.
|
| 246 |
3 |
|
|a Good and plenty
|
| 260 |
|
|
|a Princeton, N.J. :
|b Princeton University Press,
|c c2006.
|
| 300 |
|
|
|a 196 p.
|
| 504 |
|
|
|a Includes bibliographical references (p. 169-188) and index.
|
| 505 |
0 |
|
|a Warring perspectives -- Indirect subsidies: the genius of the American system -- Direct subsidies: are they too conservative? -- Copyright and the future of decentralized incentives -- Toward a beautiful and liberal future.
|
| 533 |
|
|
|a Electronic reproduction. Ann Arbor, MI : ProQuest, 2015. Available via World Wide Web. Access may be limited to ProQuest affiliated libraries.
|
| 650 |
|
0 |
|a Art and state
|z United States.
|
| 650 |
|
0 |
|a Federal aid to the arts
|z United States.
|
| 650 |
|
0 |
|a Aesthetics
|x Economic aspects.
|
| 650 |
|
0 |
|a Culture
|x Economic aspects.
|
| 651 |
|
0 |
|a United States
|x Cultural policy.
|
| 655 |
|
4 |
|a Electronic books.
|
| 710 |
2 |
|
|a ProQuest (Firm)
|
| 856 |
4 |
0 |
|u https://ebookcentral.proquest.com/lib/matrademy/detail.action?docID=445469
|z Click to View
|